000 00771nam a2200205Ia 4500
005 20260121110135.0
008 008 260114s9999 xx 000 0 hin d
020 _a9788132350545
037 _aEBOOK
040 _aCRL
_bhin
_cCRL
041 _ahin
_2hin
084 _qCRL
100 _aदिनेश मिश्रा / Dinesh Mishra
_9942549
245 0 _aसंस्कृत साहित्य एवं प्राचीन भारतीय धर्म एवं दर्शन / Sanskrit sahitya aur prachin Bhartiya dharm aur darshan
260 _bभाषा प्रकाशन / Bhasha Prakashan
_c2020
856 _uhttps://bhashaprakashan.com/product-details/378394
942 _cEBOOK
999 _c1534214
_d1534214